| 000 | 00579nam a2200205 a 4500 | ||
|---|---|---|---|
| 999 |
_c1465 _d1465 |
||
| 001 | 1465 | ||
| 003 | CDMR | ||
| 005 | 20230905123643.0 | ||
| 008 | 130130s2001||||||||||||||||||||||||||||d | ||
| 020 | _a8437619408 | ||
| 040 |
_aCDMR _bcat _cCDMR |
||
| 100 | 1 |
_aBalsebre, Armand _9762 |
|
| 245 | 1 | 0 |
_aHistoria de la radio en España _c/ Armand Balsebre |
| 260 |
_aMadrid: _bCátedra, _c2001-2002 |
||
| 300 | _a2 v. | ||
| 490 |
_aSigno e imagen ; _v66 i 68 |
||
| 505 | _aConté: I.- 1874 - 1939 ; II.- 1939 - 1985 | ||
| 650 | 0 | 4 |
_92387 _aRàdio _zEspanya _xHistòria |
| 942 |
_cMON _2udc |
||